Current affairs (Record no. 81600)

MARC details
000 -LEADER
fixed length control field 01007cab a22002055a 4500
001 - CONTROL NUMBER
control field L147655
008 - FIXED-LENGTH DATA ELEMENTS--GENERAL INFORMATION
fixed length control field 090603e20090529xxk f l 000 0 eng d
035 ## - SYSTEM CONTROL NUMBER
System control number (Sirsi) u147655
041 0# - LANGUAGE CODE
Language code of text/sound track or separate title eng
100 1# - MAIN ENTRY--PERSONAL NAME
Personal name Gordon, Warren
245 00 - TITLE STATEMENT
Title Current affairs
260 ## - PUBLICATION, DISTRIBUTION, ETC.
Date of publication, distribution, etc. 2009
490 #0 - SERIES STATEMENT
Series statement Property Week
Volume/sequential designation 75(22) 29 May 2009, 46(1)
520 ## - SUMMARY, ETC.
Summary, etc. Summarises the case of William Old International Ltd v D Arya and another, HC (Ch), 20 April 2009. Case centres on whether an easement to lay cables under a property owner's land implied that the owner was required to enter into a deed with the utility company laying the cables. It was held that the easement did not carry with it an implied positive obligation on A to execute the deed nor did A's refusal to execute the deed constitute derogation from the granting of the easement.
590 ## - LOCAL NOTE (RLIN)
Local note KA
650 24 - SUBJECT ADDED ENTRY--TOPICAL TERM
Topical term or geographic name entry element WILLIAM OLD INTERNATIONAL LTD V D ARYA AND ANOTHER
651 #4 - SUBJECT ADDED ENTRY--GEOGRAPHIC NAME
Geographic name England and Wales
Chronological subdivision 1543-
690 ## - LOCAL SUBJECT ADDED ENTRY--TOPICAL TERM (OCLC, RLIN)
Topical term or geographic name as entry element Boundary disputes
9 (RLIN) 6221
942 ## - ADDED ENTRY ELEMENTS (KOHA)
Suppress in OPAC 0
Holdings
Withdrawn status Lost status Source of classification or shelving scheme Damaged status Not for loan Home library Current library Shelving location Date acquired Total Checkouts Full call number Barcode Date last seen Copy number Price effective from Koha item type
    Dewey Decimal Classification     London London Journal article 03/06/2009   L147655 147655-1001 06/08/2019 1 06/08/2019 Journal article